A17.1-2010/CSA B44-10 Part 2 Electric Elevators - Statistics

General Stats
  • This quiz has been taken 3 times
  • The average score is 5 of 29
Answer Stats
Hint Answer % Correct
2.2 Pits 20
100%
2.3 Location and Guarding of Counterweights 22
100%
2.1 Construction of Hoistways and Hoistyway Enclosures 18
67%
2.4 Vertical Clearances and Runbys for Cars and Counterweights 23
67%
2.5 Horizontal Car and Counterweight Clearances 25
67%
2.6 Protection of Space Below Hoistways 26
67%
2.24 Driving Machines and Sheaves 101
0%
2.25 Terminal-Stopping Device 104
0%
2.26 Operating Devices and Control Equipment 106
0%
2.27 Emergency Operation and Signaling Devices 117
0%
2.28 Layout Drawings 127
0%
2.29 Identification 128
0%
2.7 Machinery Spaces, Machine Rooms, Control Spaces, & Control Rooms 26
0%
2.8 Equipment in Hoistways, Machinery Spaces, Machine Rooms, Control Spaces, and Control Rooms 34
0%
2.9 Machinery and Sheave Beams, Supports, and Foundations 35
0%
2.10 Guarding of Equipment and Standard Railing 37
0%
2.11 Protection of Hoistway Openings 38
0%
2.12 Hoistway Door Locking Devices and Electric Contacts, and Hoistway Access Switches 46
0%
2.13 Power Operation of Hoistway Doors and Car Doors 50
0%
2.14 Car Enclosures, Car Doors and Gates, and Car Illumination 55
0%
2.15 Car Frames and Platforms 64
0%
2.16 Capacity and Loading 67
0%
2.17 Car and Counterweight Safeties 72
0%
2,18 Speed Governors 75
0%
2.19 Ascending Car Overspeed and Unintended Car Movement Protection 78
0%
2.20 Suspension Means and Their Connections 80
0%
2.21 Counterweights 89
0%
2.22 Buffers and Bumpers 90
0%
2.23 Car and Counterweight Guide Rails, Guide-Rail Supports, and Fastening 92
0%
No matching quizzes found
Score Distribution
Percent of People with Each Score
Percentile by Number Answered
Your Score History
You have not taken this quiz